Statistics for Insect Orders

Click here to take the quiz!

General Stats

  • This quiz has been taken 751 times
  • The average score is 15 of 28

Answer Stats

# of SpeciesCommon nameEtymologyOrder% Correct
116,861Wasps, bees, and antsMembrane-wingedHymenoptera
94%
386,500BeetlesSheath-wingedColeoptera
93%
155,477FliesTwo-wingedDiptera
93%
157,338Butterflies and mothsScale-wingedLepidoptera
93%
103,590True bugs (including cicadas, aphids, hoppers, shield bugs, and more)Half-wingedHemiptera
90%
23,855Grasshoppers and cricketsStraight-wingedOrthoptera
83%
5,899Dragonflies and damselfliesToothedOdonata
79%
7,314Roaches and termitesCockroachBlattodea
70%
1,978EarwigsSkin-wingedDermaptera
68%
2,400MantisesProphet-lookingMantodea
65%
5,868Lacewings, antlions, and mantidfliesNerve-wingedNeuroptera
65%
3,240MayfliesShort-lived, wingedEphemeroptera
57%
3,014Stick insects and leaf insectsPhantom-lookingPhasmatodea
55%
14,391CaddisfliesHair-wingedTrichoptera
53%
5,864ThripsFringe-wingedThysanoptera
50%
560Silverfish and firebratsBridge insectsZygentoma
46%
3,743StonefliesFolded-wingedPlecoptera
44%
2,075Fleas (ectoparasites)Having a sucker/straw, winglessSiphonaptera
44%
757ScorpionfliesLong-wingedMecoptera
43%
354Alderflies, dobsonflies, and fishfliesLarge-wingedMegaloptera
38%
513Jumping bristletailsAncient-jawedArchaeognatha
32%
5,720Booklice and barklice (nonparasitic)Grinders with wingsPsocoptera
30%
37Angel insectsPurely winglessZoraptera
26%
463Web-spinnersLively-wingedEmbioptera
25%
5,102Biting and sucking lice (ectoparasites)Lice with no wingsPhthiraptera
24%
609Twisted-wing insects (endoparasites)Twisted-wingedStrepsiptera
24%
254SnakefliesHaving a needle, wingedRaphidioptera
23%
54Rock crawlers and ice crawlersBack-wingedNotoptera
21%

Score Distribution

Percentile by Number Answered

Percent of People with Each Score

Your Score History

You have not taken this quiz